书目信息 |
| 题名: |
柑橘产业供给侧改革的主攻方向与对策
|
|
| 作者: | 侯雨林 著 | |
| 分册: | ||
| 出版信息: | 北京 经济日报出版社 2021 |
|
| 页数: | 322页 | |
| 开本: | 21cm | |
| 丛书名: | ||
| 单 册: | ||
| 中图分类: | F326.13 | |
| 科图分类: | ||
| 主题词: | 柑桔类--gan ju lei--农业经济--研究--中国 | |
| 电子资源: | ||
| ISBN: | 978-7-5196-0745-6 | |
| 000 | 01158nam0 2200241 450 | |
| 001 | 2151102892 | |
| 005 | 20211018173724.0 | |
| 010 | @a978-7-5196-0745-6@dCNY56.00 | |
| 100 | @a20210325d2021 em y0chiy50 ea | |
| 101 | 0 | @achi |
| 102 | @aCN@b110000 | |
| 105 | @ay z 000yy | |
| 106 | @ar | |
| 200 | 1 | @a柑橘产业供给侧改革的主攻方向与对策@Agan ju chan ye gong gei ce gai ge de zhu gong fang xiang yu dui ce@f侯雨林著 |
| 210 | @a北京@c经济日报出版社@d2021 | |
| 215 | @a322页@d21cm | |
| 314 | @a侯雨林,男,1962年出生,中共党员,大学本科学历,高级农艺师。 | |
| 330 | @a本书从我国柑橘产业发展的实际和现状出发,深刻剖析我国现阶段柑橘产业发展过程中存在的突出问题,探讨柑橘产业供给侧改革的主攻方向,探索产业结构性调整及其技术对策。文章从真正解决产品提质、产业增效、果农增收问题出发,统筹发展加工专用型和加工鲜食兼用型品种,建立规范化、标准化生产基地,推广和完善绿色食品和有机食柑橘丰产技术,培育柑橘鲜果深加工龙头企业,培育高级新型经营主体,推进柑橘产业的产业化经营。 | |
| 606 | 0 | @a柑桔类@Agan ju lei@x农业经济@x研究@y中国 |
| 690 | @aF326.13@v5 | |
| 701 | 0 | @a侯雨林@Ahou yu lin@f(1962-)@4著 |
| 801 | 0 | @aCN@b百万庄@c20211016 |
| 905 | @b1309788-791@dF326.13@e211@f4 | |
| 柑橘产业供给侧改革的主攻方向与对策/侯雨林著.-北京:经济日报出版社,2021 |
| 322页;21cm |
| ISBN 978-7-5196-0745-6:CNY56.00 |
| 本书从我国柑橘产业发展的实际和现状出发,深刻剖析我国现阶段柑橘产业发展过程中存在的突出问题,探讨柑橘产业供给侧改革的主攻方向,探索产业结构性调整及其技术对策。文章从真正解决产品提质、产业增效、果农增收问题出发,统筹发展加工专用型和加工鲜食兼用型品种,建立规范化、标准化生产基地,推广和完善绿色食品和有机食柑橘丰产技术,培育柑橘鲜果深加工龙头企业,培育高级新型经营主体,推进柑橘产业的产业化经营。 |
| ● |
| 相关链接 |
|
|
|
|
正题名:柑橘产业供给侧改革的主攻方向与对策
索取号:F326.13/211
 
预约/预借
| 序号 | 登录号 | 条形码 | 馆藏地/架位号 | 状态 | 备注 |
| 1 | 1309788 | 213097888 | 第一样本阅览室/ [索取号:F326.13/211] | 在馆 | |
| 2 | 1309789 | 213097897 | 第一借阅区/ [索取号:F326.13/211] | 在馆 | |
| 3 | 1309790 | 213097904 | 第一借阅区/ [索取号:F326.13/211] | 在馆 | |
| 4 | 1309791 | 213097913 | 第一借阅区/ [索取号:F326.13/211] | 在馆 |